[Event "Peristeri CM 8th"]
[Site "Peristeri"]
[Date "2018.04.10"]
[Round "5"]
[White "Giordos, Vasilios"]
[Black "Kostouros, Alexandros"]
[Result "0-1"]
[WhiteElo "2044"]
[BlackElo "2113"]
[PlyCount "104"]
[EventDate "2018.03.13"]
[EventType "tourn"]
[EventRounds "7"]
[EventCountry "GRE"]
[SourceTitle "EXT 2019"]
[Source "ChessBase"]
[SourceDate "2018.10.10"]
[SourceVersion "1"]
[SourceVersionDate "2018.10.10"]
[SourceQuality "1"]

1. e4 e5 2. Nf3 Nc6 3. Bc4 Bc5 4. d3 d6 5. c3 Nf6 6. Bb3 0-0 7. Nbd2 Be6 8. h3 h6 9. Nf1 d5 10. Qe2 dxe4 11. dxe4 Bxb3 12. axb3 Qd6 13. Ng3 Rfd8 14. 0-0 Qd3 15. Qxd3 Rxd3 16. b4 Bb6 17. Re1 Rad8 18. Kf1 a6 19. Ke2 Kh7 20. Nd2 g6 21. Nc4 Ba7 22. f3 Kg7 23. Ne3 h5 24. Ngf1 Bb6 25. Rd1 Rxd1 26. Nxd1 Ne7 27. Nde3 c6 28. Nc4 Bc7 29. Na5 Bxa5 30. bxa5 Ne8 31. Be3 f6 32. Nd2 Nd6 33. Nb3 Nec8 34. Nc5 Kf7 35. Ra4 Re8 36. Kd3 Re7 37. Ra1 Ne8 38. g4 Ng7 39. b4 Nd6 40. c4 Ne6 41. Na4 h4 42. Kc3 g5 43. Rd1 Rd7 44. Rd2 Ke7 45. Kb3 Nf7 46. Rxd7+ Kxd7 47. Nc5+ Nxc5+ 48. Bxc5 Nd8 49. Be3 Ne6 50. Kc3 c5 51. Bxc5 Nf4 52. Bg1 Ne2+ 0-1

[Event "Peristeri IRT 7th"]
[Site "Peristeri"]
[Date "2017.10.10"]
[Round "4"]
[White "Petougias, Georgios"]
[Black "Kostouros, Alexandros"]
[Result "0-1"]
[WhiteElo "1821"]
[BlackElo "2113"]
[PlyCount "78"]
[EventDate "2017.09.19"]
[EventType "tourn"]
[EventRounds "7"]
[EventCountry "GRE"]
[SourceTitle "EXT 2024"]
[Source "ChessBase"]
[SourceDate "2023.10.10"]
[SourceVersion "1"]
[SourceVersionDate "2023.10.10"]
[SourceQuality "1"]

1. e4 e5 2. Nf3 Nf6 3. Nc3 Nc6 4. Bb5 Bc5 5. 0-0 d6 6. h3 Bd7 7. a3 a6 8. Bc4 Be6 9. Bxe6 fxe6 10. d3 0-0 11. b4 Bb6 12. Na4 Ba7 13. c4 Qe8 14. c5 Nh5 15. Kh2 b5 16. cxb6 cxb6 17. Nc3 b5 18. Be3 Nd4 19. Bxd4 Bxd4 20. Nxd4 exd4 21. Ne2 e5 22. Qb3+ Kh8 23. Qd5 Rc8 24. Qxd6 Rc2 25. Ng3 Rf6 26. Qd5 Nf4 27. Qb7 Nxd3 28. Nf5 Qf7 29. Qa8+ Qf8 30. Qd5 Qf7 31. Qa8+ Qg8 32. Qb7 Nxf2 33. Rac1 Rxc1 34. Rxc1 d3 35. Rc8 Rf8 36. Rc7 d2 37. Rxg7 d1Q 38. Rxg8+ Rxg8 39. Qe7 Qh1# 0-1

[Event "Anogia op 6th"]
[Site "Anogia"]
[Date "2017.07.15"]
[Round "7"]
[White "Navrotescu, Catalin"]
[Black "Kostouros, Alexandros"]
[Result "1-0"]
[WhiteElo "2380"]
[BlackElo "2067"]
[PlyCount "73"]
[EventDate "2017.07.10"]
[EventType "swiss"]
[EventRounds "9"]
[EventCountry "GRE"]
[SourceTitle "CBM 179 Extra"]
[Source "ChessBase"]
[SourceDate "2017.08.23"]
[SourceVersion "1"]
[SourceVersionDate "2017.08.23"]
[SourceQuality "1"]

1. Nf3 d5 2. g3 c5 3. Bg2 Nc6 4. 0-0 e5 5. d3 Bd6 6. c4 d4 7. e3 f5 8. exd4 exd4 9. Ng5 Nge7 10. Qh5+ Kd7 11. Qd1 Qg8 12. f4 h6 13. Nf3 Kc7 14. Na3 a6 15. Nc2 Bd7 16. a3 a5 17. b3 Rf8 18. b4 b6 19. Qe2 Qe6 20. Qf2 g5 21. bxc5 bxc5 22. Rb1 Ng6 23. Nfxd4 cxd4 24. Nxd4 Nxd4 25. Qxd4 Kd8 26. c5 Bc7 27. c6 gxf4 28. cxd7 fxg3 29. Bd2 gxh2+ 30. Kh1 Qxd7 31. Qa7 Nh4 32. Rfe1 Nxg2 33. Rb8+ Bxb8 34. Qxb8+ Qc8 35. Qd6+ Qd7 36. Bxa5+ Kc8 37. Rc1+ 1-0

[Event "Anogia op 6th"]
[Site "Anogia"]
[Date "2017.07.13"]
[Round "5"]
[White "Kostouros, Alexandros"]
[Black "Papadopoulos, Panayotis"]
[Result "1-0"]
[WhiteElo "2067"]
[BlackElo "2172"]
[PlyCount "79"]
[EventDate "2017.07.10"]
[EventType "swiss"]
[EventRounds "9"]
[EventCountry "GRE"]
[SourceTitle "CBM 179 Extra"]
[Source "ChessBase"]
[SourceDate "2017.08.23"]
[SourceVersion "1"]
[SourceVersionDate "2017.08.23"]
[SourceQuality "1"]

1. e4 d6 2. d4 Nf6 3. Bd3 e5 4. d5 c6 5. c4 g6 6. Nc3 Bg7 7. Nge2 0-0 8. 0-0 a6 9. Kh1 Nh5 10. Qc2 f5 11. f4 fxe4 12. Nxe4 cxd5 13. cxd5 Bg4 14. N4g3 Bxe2 15. Nxe2 Nd7 16. f5 Rc8 17. Qd1 Nc5 18. g4 Nf4 19. Nxf4 exf4 20. fxg6 Nxd3 21. gxh7+ Kh8 22. Qxd3 Qg5 23. h3 Rc5 24. Qe4 Qxd5 25. Qxd5 Rxd5 26. Bxf4 Kxh7 27. Rac1 Rd4 28. Bg3 Rxf1+ 29. Rxf1 Rd2 30. Rf7 Rxb2 31. Bxd6 Rb1+ 32. Kg2 Kg6 33. Rf2 b5 34. h4 a5 35. h5+ Kg5 36. Kh3 Kh6 37. Rf7 Rh1+ 38. Kg2 Re1 39. Bf4+ Kh7 40. h6 1-0

[Event "Anogia op 6th"]
[Site "Anogia"]
[Date "2017.07.12"]
[Round "4"]
[White "Morozov, Nichita"]
[Black "Kostouros, Alexandros"]
[Result "1-0"]
[WhiteElo "2437"]
[BlackElo "2067"]
[PlyCount "51"]
[EventDate "2017.07.10"]
[EventType "swiss"]
[EventRounds "9"]
[EventCountry "GRE"]
[SourceTitle "CBM 179 Extra"]
[Source "ChessBase"]
[SourceDate "2017.08.23"]
[SourceVersion "1"]
[SourceVersionDate "2017.08.23"]
[SourceQuality "1"]

1. d4 d5 2. Nf3 c5 3. e3 e6 4. Bd3 Nc6 5. 0-0 f5 6. c4 Nf6 7. cxd5 exd5 8. dxc5 Ne4 9. a3 Bxc5 10. b4 Bd6 11. Bb2 Qe7 12. Nc3 Nxc3 13. Bxc3 0-0 14. Bc2 Be6 15. b5 Nb8 16. Bb3 Bxa3 17. Nd4 Bc8 18. Nf3 Be6 19. Rxa3 Qxa3 20. Ng5 Nd7 21. Nxe6 Nc5 22. Nxf8 Kxf8 23. Qxd5 Nxb3 24. Be5 Ke7 25. Qxb7+ Ke6 26. Qc6+ 1-0

[Event "Anogia op 6th"]
[Site "Anogia"]
[Date "2017.07.11"]
[Round "3"]
[White "Papakonstantinou, Dimitrios"]
[Black "Kostouros, Alexandros"]
[Result "0-1"]
[WhiteElo "2207"]
[BlackElo "2067"]
[PlyCount "82"]
[EventDate "2017.07.10"]
[EventType "swiss"]
[EventRounds "9"]
[EventCountry "GRE"]
[SourceTitle "CBM 179 Extra"]
[Source "ChessBase"]
[SourceDate "2017.08.23"]
[SourceVersion "1"]
[SourceVersionDate "2017.08.23"]
[SourceQuality "1"]

1. e4 e5 2. Nf3 Nc6 3. Bb5 a6 4. Ba4 Nf6 5. 0-0 b5 6. Bb3 Bc5 7. c3 Nxe4 8. d4 exd4 9. cxd4 Be7 10. d5 Na5 11. Bc2 Nf6 12. Bg5 0-0 13. Qd3 g6 14. Re1 Nc4 15. Qd4 Kg7 16. Nc3 Nd6 17. Rxe7 Qxe7 18. Re1 Qd8 19. Ne5 h6 20. Bh4 g5 21. Re3 gxh4 22. Qxh4 Nfe4 23. Qh3 Ng5 24. Qh5 Rh8 25. h4 Kf8 26. Ng4 f5 27. Ne5 Rh7 28. f4 Nge4 29. Nxe4 fxe4 30. Rg3 Qf6 31. Ng6+ Kf7 32. Ne5+ Ke7 33. Rg8 Rg7 34. Ng6+ Qxg6 35. Qxg6 Rxg6 36. Rxg6 Bb7 37. Bb3 Rf8 38. g3 h5 39. Kf2 Rf5 40. Rg7+ Ke8 41. Rg8+ Kf7 0-1

[Event "Peristeri IRT 6th"]
[Site "Peristeri"]
[Date "2017.05.16"]
[Round "4"]
[White "Kaldis, Georgios"]
[Black "Kostouros, Alexandros"]
[Result "0-1"]
[WhiteElo "1886"]
[BlackElo "2070"]
[PlyCount "82"]
[EventDate "2017.04.25"]
[EventType "tourn"]
[EventRounds "7"]
[EventCountry "GRE"]
[SourceTitle "EXT 2024"]
[Source "ChessBase"]
[SourceDate "2023.10.10"]
[SourceVersion "1"]
[SourceVersionDate "2023.10.10"]
[SourceQuality "1"]

1. d4 d5 2. c4 e6 3. Nc3 Nf6 4. Nf3 c5 5. cxd5 Nxd5 6. e4 cxd4 7. Qxd4 Nxc3 8. Qxc3 Nc6 9. a3 Bd7 10. Be3 Rc8 11. Qd3 Qa5+ 12. Bd2 Bb4 13. Rd1 Bxd2+ 14. Qxd2 Qxd2+ 15. Rxd2 e5 16. Bb5 f6 17. 0-0 Ke7 18. h3 Rhd8 19. Rfd1 Be6 20. Rxd8 Nxd8 21. Rd2 Rc1+ 22. Kh2 Nf7 23. Ng1 Nd6 24. Bd3 Bc4 25. Rc2 Rxc2 26. Bxc2 Bf1 27. a4 a5 28. Nf3 Be2 29. Nd2 Nc4 30. Nxc4 Bxc4 31. Kg3 Kd6 32. Kf3 Kc5 33. Ke3 Kb4 34. g3 Bb3 35. Bb1 Bxa4 36. Kd2 Bd7 37. Ba2 Bxh3 38. Bd5 b6 39. Ke3 Bf1 40. b3 Kc3 41. f4 Bd3 0-1

[Event "Peristeri IRT 5th"]
[Site "Peristeri"]
[Date "2016.10.04"]
[Round "4"]
[White "Fotopoulos, Panagiotis"]
[Black "Kostouros, Alexandros"]
[Result "0-1"]
[WhiteElo "1616"]
[BlackElo "2079"]
[PlyCount "64"]
[EventDate "2016.09.13"]
[EventType "tourn"]
[EventRounds "7"]
[EventCountry "GRE"]
[SourceTitle "EXT 2024"]
[Source "ChessBase"]
[SourceDate "2023.10.10"]
[SourceVersion "1"]
[SourceVersionDate "2023.10.10"]
[SourceQuality "1"]

1. c4 c6 2. g3 d5 3. cxd5 cxd5 4. Nc3 d4 5. Ne4 f5 6. Ng5 e5 7. N5h3 g5 8. f3 Nc6 9. a3 Be6 10. b4 Rc8 11. Bb2 h6 12. e3 Nf6 13. Nf2 Rh7 14. Qe2 dxe3 15. Qxe3 Nd5 16. Qe2 Rd7 17. Nd3 Ndxb4 18. axb4 Nxb4 19. Nxb4 Bxb4 20. Qxe5 Re7 21. Kf2 Qxd2+ 22. Ne2 Bc5+ 23. Bd4 Bc4 24. Qh8+ Kd7 25. Qxc8+ Kxc8 26. Bxc5 Bxe2 27. Bxe7 Bd1+ 28. Kg1 Qe3+ 29. Kg2 Bxf3+ 30. Kh3 g4+ 31. Kh4 Qxe7+ 32. Kh5 Qg5# 0-1

[Event "Peristeri IRT 5th"]
[Site "Peristeri"]
[Date "2016.09.13"]
[Round "1"]
[White "Kostouros, Alexandros"]
[Black "Loukopoulos, Panagiotis Athanasi"]
[Result "1-0"]
[WhiteElo "2079"]
[BlackElo "1813"]
[PlyCount "41"]
[EventDate "2016.09.13"]
[EventType "tourn"]
[EventRounds "7"]
[EventCountry "GRE"]
[SourceTitle "EXT 2024"]
[Source "ChessBase"]
[SourceDate "2023.10.10"]
[SourceVersion "1"]
[SourceVersionDate "2023.10.10"]
[SourceQuality "1"]

1. e4 e5 2. Nf3 Nc6 3. d4 exd4 4. Nxd4 Bc5 5. Be3 Qf6 6. c3 Nge7 7. Be2 0-0 8. 0-0 b6 9. Nxc6 Qxc6 10. Bf3 Bxe3 11. e5 Qh6 12. Bxa8 Ba6 13. Re1 Bf4 14. g3 Bxg3 15. fxg3 Rxa8 16. Qxd7 Bb7 17. e6 f5 18. Qxe7 Qh3 19. Qf7+ Kh8 20. Re2 Qg4 21. e7 1-0

[Event "GRE CupT final 34th"]
[Site "Porto Rio"]
[Date "2016.07.04"]
[Round "3"]
[White "Kostouros, Alexandros"]
[Black "Markidis, Konstantinos"]
[Result "0-1"]
[WhiteElo "2116"]
[BlackElo "2359"]
[PlyCount "114"]
[EventDate "2016.07.03"]
[EventType "team-k.o."]
[EventRounds "3"]
[EventCountry "GRE"]
[SourceTitle "CBM 173 Extra"]
[Source "ChessBase"]
[SourceDate "2016.08.29"]
[SourceVersion "1"]
[SourceVersionDate "2016.08.29"]
[SourceQuality "1"]
[WhiteTeam "Eritrea Immediately"]
[BlackTeam "Florinas"]
[WhiteTeamCountry "GRE"]
[BlackTeamCountry "GRE"]

1. e4 c5 2. c3 e6 3. d4 d5 4. exd5 exd5 5. Nf3 Nf6 6. Be3 c4 7. b3 cxb3 8. axb3 Bf5 9. Bd3 Bxd3 10. Qxd3 Nc6 11. 0-0 Be7 12. Ne5 Qc8 13. Nd2 0-0 14. Rfe1 Re8 15. h3 a6 16. Bf4 Bf8 17. Re3 Nd7 18. Ndf3 f6 19. Nxd7 Qxd7 20. Rae1 Rxe3 21. Rxe3 Na5 22. Nd2 Rc8 23. Kf1 Nc6 24. g4 Ne7 25. f3 a5 26. Re1 b5 27. Ra1 a4 28. bxa4 bxa4 29. Qc2 Ra8 30. c4 dxc4 31. Qxc4+ Kh8 32. Ne4 Nd5 33. Bc1 h6 34. Nc5 Bxc5 35. dxc5 Qc6 36. Kf2 Nb6 37. Qd4 Nd5 38. Ba3 Rd8 39. Rd1 Qc7 40. f4 Qd7 41. Qc4 Qe6 42. Re1 Qc6 43. Rd1 Qe6 44. Re1 Qc6 45. Qd4 Qd7 46. Re4 Qc8 47. Qc4 f5 48. Re5 Nf6 49. Rxf5 Qc6 50. Re5 Qh1 51. Kg3 Qg1+ 52. Kf3 Rd1 53. Re3 Rf1+ 54. Qxf1 Qxf1+ 55. Kg3 Nd5 56. Rf3 Qg1+ 57. Kh4 Qe1+ 0-1

[Event "Peristeri IRT 3rd"]
[Site "Peristeri"]
[Date "2016.04.05"]
[Round "6"]
[White "Kostouros, Alexandros"]
[Black "Katopodis, Dimitrios"]
[Result "1/2-1/2"]
[WhiteElo "2091"]
[BlackElo "2098"]
[PlyCount "120"]
[EventDate "2016.03.01"]
[EventType "tourn"]
[EventRounds "7"]
[EventCountry "GRE"]
[SourceTitle "EXT 2024"]
[Source "ChessBase"]
[SourceDate "2023.10.10"]
[SourceVersion "1"]
[SourceVersionDate "2023.10.10"]
[SourceQuality "1"]

1. e4 e5 2. Nf3 Nc6 3. d4 exd4 4. Nxd4 Nf6 5. Nxc6 bxc6 6. Bd3 d5 7. Nc3 Bb4 8. Bd2 0-0 9. 0-0 Rb8 10. Re1 Re8 11. exd5 cxd5 12. Rxe8+ Qxe8 13. Qf3 Be6 14. Re1 d4 15. Ne4 Nxe4 16. Bxb4 Ng5 17. Qh5 Rxb4 18. Qxg5 Rxb2 19. a3 Qd7 20. Qc5 Rb6 21. f4 Qd6 22. Qh5 g6 23. Qg5 Kg7 24. f5 Bxf5 25. Bxf5 Rb5 26. Rf1 d3 27. Qe3 Rxf5 28. Rxf5 d2 29. Qc3+ Kg8 30. Rf1 d1Q 31. Rxd1 Qxd1+ 32. Kf2 Qd6 33. h3 h5 34. Kf3 Qd7 35. Kf2 c6 36. Qe3 Qf5+ 37. Kg3 Qxc2 38. Qxa7 c5 39. Qb8+ Kh7 40. Qc7 Qb3+ 41. Kf2 Qc4 42. a4 Qxa4 43. Qxf7+ Kh6 44. Qf8+ Kh7 45. Qxc5 Qf4+ 46. Kg1 Kh6 47. Qc3 h4 48. Qc5 Qf6 49. Qe3+ Kh5 50. Qe4 Qg5 51. Kf2 Qg3+ 52. Ke2 Kg5 53. Qd5+ Kf6 54. Qc6+ Kf5 55. Qd7+ Kg5 56. Qe7+ Kf5 57. Qf7+ Kg5 58. Qd5+ Kf6 59. Qc6+ Kf5 60. Qc2+ Kf6 1/2-1/2

[Event "Peristeri IRT 3rd"]
[Site "Peristeri"]
[Date "2016.03.28"]
[Round "5"]
[White "Kostouros, Alexandros"]
[Black "Giordos, Vasilios"]
[Result "0-1"]
[WhiteElo "2091"]
[BlackElo "1972"]
[PlyCount "96"]
[EventDate "2016.03.01"]
[EventType "tourn"]
[EventRounds "7"]
[EventCountry "GRE"]
[SourceTitle "EXT 2024"]
[Source "ChessBase"]
[SourceDate "2023.10.10"]
[SourceVersion "1"]
[SourceVersionDate "2023.10.10"]
[SourceQuality "1"]

1. e4 c5 2. c3 Nf6 3. e5 Nd5 4. d4 cxd4 5. cxd4 d6 6. Nf3 Nc6 7. Bd2 dxe5 8. dxe5 Bg4 9. Be2 e6 10. Nc3 Be7 11. Qb3 Qb6 12. Qxb6 Nxb6 13. h3 Bh5 14. g4 Bg6 15. Bb5 0-0 16. Be3 Nb4 17. Ke2 Nc2 18. Rad1 Nxe3 19. fxe3 Rfd8 20. Bd3 Bxd3+ 21. Rxd3 Rxd3 22. Kxd3 Rd8+ 23. Ke2 a6 24. Rd1 Rxd1 25. Nxd1 h6 26. Nc3 Kf8 27. Kd3 Ke8 28. a4 Bb4 29. b3 Kd7 30. Nd2 Kc6 31. Nde4 Nd7 32. Kd4 Ba5 33. Nd6 Bxc3+ 34. Kxc3 Nxe5 35. Ne8 g6 36. Nf6 Nd7 37. Ng8 h5 38. gxh5 gxh5 39. Nh6 f6 40. Nf7 Kd5 41. b4 b6 42. Nd8 Ne5 43. e4+ Kd6 44. Kd4 Kd7 45. a5 Kxd8 46. axb6 Nd7 47. h4 Nxb6 48. Kc5 Kc7 0-1

[Event "Peristeri IRT 3rd"]
[Site "Peristeri"]
[Date "2016.03.18"]
[Round "4"]
[White "Diatsintos, Ilias"]
[Black "Kostouros, Alexandros"]
[Result "0-1"]
[WhiteElo "1528"]
[BlackElo "2091"]
[PlyCount "72"]
[EventDate "2016.03.01"]
[EventType "tourn"]
[EventRounds "7"]
[EventCountry "GRE"]
[SourceTitle "EXT 2024"]
[Source "ChessBase"]
[SourceDate "2023.10.10"]
[SourceVersion "1"]
[SourceVersionDate "2023.10.10"]
[SourceQuality "1"]

1. Nf3 d5 2. b3 c5 3. e3 Nc6 4. Bb5 Bd7 5. Bb2 f6 6. d4 cxd4 7. Bxc6 bxc6 8. exd4 e6 9. 0-0 c5 10. Re1 Kf7 11. Nbd2 cxd4 12. Nxd4 e5 13. Ne2 Bc5 14. Ng3 Qb6 15. Qe2 h5 16. h3 Ne7 17. c4 h4 18. Ngf1 Ng6 19. cxd5 Nf4 20. Qf3 Bb5 21. Bxe5 Nd3 22. Nc4 Bxc4 23. bxc4 Bxf2+ 24. Kh1 Nxe1 25. Qf4 Nd3 26. c5 Nxf4 27. cxb6 fxe5 28. b7 Rab8 29. Nd2 Rxb7 30. Rf1 Bg3 31. Ne4 Rb2 32. d6 Rxa2 33. d7 Ke7 34. Nc5 Rxg2 35. Nb7 Rh2+ 36. Kg1 Ne2# 0-1

[Event "Peristeri IRT 2nd"]
[Site "Peristeri"]
[Date "2016.02.16"]
[Round "6"]
[White "Kostouros, Alexandros"]
[Black "Loutragotis, Dimitrios"]
[Result "0-1"]
[WhiteElo "2123"]
[BlackElo "2009"]
[PlyCount "84"]
[EventDate "2016.01.12"]
[EventType "tourn"]
[EventRounds "7"]
[EventCountry "GRE"]
[SourceTitle "EXT 2024"]
[Source "ChessBase"]
[SourceDate "2023.10.10"]
[SourceVersion "1"]
[SourceVersionDate "2023.10.10"]
[SourceQuality "1"]

1. e4 c6 2. c4 d5 3. cxd5 cxd5 4. exd5 Nf6 5. Bb5+ Nbd7 6. Nc3 a6 7. Qa4 Rb8 8. Bxd7+ Bxd7 9. Qb3 b5 10. d4 b4 11. Bf4 Rc8 12. Nd1 Qa5 13. Ne3 Ba4 14. Qd3 Bb5 15. Qb3 Ba4 16. Qd3 Nxd5 17. Nxd5 Qxd5 18. Qxa6 Ra8 19. Qe2 Qxg2 20. f3 Qxh1 21. Kf2 e6 22. Rc1 Be7 23. Kg3 g5 24. Be5 0-0 25. Qc4 Rac8 26. Qxc8 Qxg1+ 27. Rxg1 Rxc8 28. Kh3 f6 29. Bg3 Rc2 30. Rg2 b3 31. axb3 Bxb3 32. Rxc2 Bxc2 33. f4 Bd6 34. fxg5 Bxg3 35. Kxg3 fxg5 36. h4 gxh4+ 37. Kxh4 Kf7 38. Kg5 Ke7 39. b4 Kd6 40. b5 Bd3 41. b6 Kc6 42. Kf6 Bc4 0-1

[Event "Peristeri IRT 2nd"]
[Site "Peristeri"]
[Date "2016.02.02"]
[Round "4"]
[White "Kostouros, Alexandros"]
[Black "Vlahos, Athanasios"]
[Result "1-0"]
[WhiteElo "2123"]
[BlackElo "1773"]
[PlyCount "75"]
[EventDate "2016.01.12"]
[EventType "tourn"]
[EventRounds "7"]
[EventCountry "GRE"]
[SourceTitle "EXT 2024"]
[Source "ChessBase"]
[SourceDate "2023.10.10"]
[SourceVersion "1"]
[SourceVersionDate "2023.10.10"]
[SourceQuality "1"]

1. e4 c5 2. c3 Nf6 3. e5 Nd5 4. d4 cxd4 5. cxd4 e6 6. Nc3 Nxc3 7. bxc3 Qc7 8. Bd2 b6 9. f4 d6 10. Nf3 Be7 11. Bd3 0-0 12. Qe2 Nc6 13. 0-0 Bd7 14. Qe4 g6 15. g4 d5 16. Qe2 f5 17. exf6 Bxf6 18. h4 Rf7 19. g5 Bg7 20. h5 Ne7 21. Nh4 Nf5 22. hxg6 hxg6 23. Nxg6 Ng3 24. Qh2 Nxf1 25. Rxf1 Bc6 26. Kg2 Rf5 27. Nh4 Qf7 28. Rh1 Bd7 29. Bc1 Qh5 30. Nxf5 Qxh2+ 31. Kxh2 exf5 32. Re1 Kf7 33. Ba3 Be6 34. Ba6 Rd8 35. Kg3 Rh8 36. Bd6 Re8 37. Bb5 Bd7 38. g6+ 1-0

[Event "Peristeri IRT 2nd"]
[Site "Peristeri"]
[Date "2016.01.26"]
[Round "3"]
[White "Kostouros, Alexandros"]
[Black "Valellis, Georgios"]
[Result "1/2-1/2"]
[WhiteElo "2123"]
[BlackElo "2035"]
[PlyCount "110"]
[EventDate "2016.01.12"]
[EventType "tourn"]
[EventRounds "7"]
[EventCountry "GRE"]
[SourceTitle "EXT 2024"]
[Source "ChessBase"]
[SourceDate "2023.10.10"]
[SourceVersion "1"]
[SourceVersionDate "2023.10.10"]
[SourceQuality "1"]

1. e4 e6 2. d4 d5 3. exd5 exd5 4. Bd3 Bd6 5. Ne2 Ne7 6. Bf4 Bf5 7. 0-0 0-0 8. Re1 c6 9. c3 Qc7 10. Bxd6 Qxd6 11. Ng3 Bxd3 12. Qxd3 Nd7 13. Nd2 Rfe8 14. Nf3 Ng6 15. Re3 Rxe3 16. Qxe3 Qe7 17. Re1 Re8 18. Qxe7 Nxe7 19. Nf5 Kf8 20. Nd6 Rb8 21. Ng5 Nf6 22. Ngxf7 Nc8 23. f3 Nxd6 24. Nxd6 g6 25. g4 Ng8 26. h4 Nh6 27. Re6 Ng8 28. Kf2 Rd8 29. b4 Rxd6 30. Rxd6 Ke7 31. Rxg6 hxg6 32. a4 Kf6 33. Ke3 Ne7 34. Kd3 Nc8 35. c4 Nb6 36. c5 Nc4 37. f4 Kg7 38. b5 a5 39. b6 Kf6 40. Ke2 Nb2 41. Kd2 Nxa4 42. Kc2 Nxc5 43. dxc5 a4 44. Kc3 Ke6 45. Kb4 d4 46. Kxa4 Kd5 47. h5 gxh5 48. gxh5 d3 49. Kb3 Kd4 50. h6 Ke3 51. h7 d2 52. Kc2 Ke2 53. h8Q d1Q+ 54. Kb2 Qd2+ 55. Kb3 Qd1+ 1/2-1/2

[Event "Peristeri IRT 2nd"]
[Site "Peristeri"]
[Date "2016.01.12"]
[Round "1"]
[White "Kostouros, Alexandros"]
[Black "Fragkos, Vasileios"]
[Result "1/2-1/2"]
[WhiteElo "2123"]
[BlackElo "2087"]
[PlyCount "141"]
[EventDate "2016.01.12"]
[EventType "tourn"]
[EventRounds "7"]
[EventCountry "GRE"]
[SourceTitle "EXT 2024"]
[Source "ChessBase"]
[SourceDate "2023.10.10"]
[SourceVersion "1"]
[SourceVersionDate "2023.10.10"]
[SourceQuality "1"]

1. e4 g6 2. d4 Bg7 3. c4 c5 4. d5 d6 5. Bd3 Nf6 6. Nc3 0-0 7. f4 Ne8 8. Nf3 e6 9. 0-0 exd5 10. cxd5 Bg4 11. h3 Bxf3 12. Qxf3 Nd7 13. Be3 a6 14. a4 Qa5 15. Bd2 c4 16. Be2 Qb4 17. Kh1 Nc5 18. a5 Qxb2 19. Ra2 Qb4 20. Rb1 Nb3 21. Qe3 Rc8 22. Na4 c3 23. Nb6 Bd4 24. Rxb3 Qxb3 25. Qxd4 Rc7 26. Bxc3 Rxc3 27. Bc4 Rc1+ 28. Kh2 Qd1 29. Qxd1 Rxd1 30. Nd7 Rd4 31. Be2 Rxe4 32. Rb2 Kg7 33. Nxf8 Kxf8 34. f5 Ra4 35. Rxb7 Rxa5 36. fxg6 hxg6 37. Ra7 Nf6 38. Rxa6 Rxa6 39. Bxa6 Nxd5 40. h4 Ke7 41. g4 f5 42. gxf5 gxf5 43. Kg3 Kf6 44. Bb7 Ne7 45. Kf4 Ng6+ 46. Kg3 Nf8 47. Bc8 d5 48. Kf4 Ng6+ 49. Ke3 Ke5 50. h5 d4+ 51. Kf3 Ne7 52. Bb7 Ng8 53. Ba6 Nh6 54. Bc4 Ng4 55. Bd3 Nf6 56. h6 Ne4 57. Bc2 Ng5+ 58. Kg3 Nh7 59. Kf3 Nf8 60. Kg3 Kf6 61. Kf4 Ng6+ 62. Kg3 Kg5 63. h7 Nh8 64. Kf3 Nf7 65. Bb3 Nh8 66. Bc2 Ng6 67. Ba4 Kf6 68. Bc2 Kg7 69. Ke2 Nf4+ 70. Kd2 Kxh7 71. Bxf5+ 1/2-1/2

[Event "Nikaia op 23rd"]
[Site "Nikaia"]
[Date "2015.08.31"]
[Round "5"]
[White "Kostouros, Alexandros"]
[Black "Christidis, Savvas"]
[Result "1-0"]
[WhiteElo "2082"]
[BlackElo "1830"]
[PlyCount "71"]
[EventDate "2015.08.26"]
[EventType "swiss"]
[EventRounds "9"]
[EventCountry "GRE"]
[SourceTitle "EXT 2016"]
[Source "ChessBase"]
[SourceDate "2015.10.08"]
[SourceVersion "1"]
[SourceVersionDate "2015.10.08"]
[SourceQuality "1"]

1. e4 c6 2. c4 d5 3. cxd5 cxd5 4. exd5 Nf6 5. Bb5+ Nbd7 6. Nc3 a6 7. Qa4 Rb8 8. Bxd7+ Qxd7 9. Qxd7+ Bxd7 10. d4 b5 11. a3 Rd8 12. Bg5 Bf5 13. Bxf6 exf6 14. Nge2 Bd6 15. Ng3 Bg6 16. Nge4 0-0 17. Nxd6 Rxd6 18. Kd2 Rc8 19. Rhe1 h6 20. Rac1 Rc4 21. Ne2 Be4 22. Rxc4 bxc4 23. Nf4 Bf5 24. Re8+ Kh7 25. f3 g5 26. Nh5 Bg6 27. g4 Bd3 28. Rf8 Bg6 29. Kc3 Bxh5 30. gxh5 Kg7 31. Re8 Rxd5 32. Kxc4 Rd7 33. d5 f5 34. h3 f4 35. Kc5 f5 36. Kc6 1-0

[Event "Nikaia op 23rd"]
[Site "Nikaia"]
[Date "2015.08.28"]
[Round "2"]
[White "Ragios, Konstantinos"]
[Black "Kostouros, Alexandros"]
[Result "1/2-1/2"]
[WhiteElo "1840"]
[BlackElo "2082"]
[PlyCount "115"]
[EventDate "2015.08.26"]
[EventType "swiss"]
[EventRounds "9"]
[EventCountry "GRE"]
[SourceTitle "EXT 2016"]
[Source "ChessBase"]
[SourceDate "2015.10.08"]
[SourceVersion "1"]
[SourceVersionDate "2015.10.08"]
[SourceQuality "1"]

1. e4 e5 2. Nf3 Nc6 3. Bb5 a6 4. Ba4 Nf6 5. 0-0 b5 6. Bb3 Bc5 7. Nxe5 Nxe5 8. d4 Bxd4 9. Qxd4 Qe7 10. f4 Nc6 11. Qd3 Qxe4 12. Qxe4+ Nxe4 13. Re1 f5 14. Nc3 Bb7 15. Nxe4 fxe4 16. Bd5 0-0-0 17. Rxe4 Na5 18. Bxb7+ Nxb7 19. Bd2 Rde8 20. Rae1 Nd6 21. Rxe8+ Rxe8 22. Rxe8+ Nxe8 23. b3 d5 24. Bc3 c5 25. Be5 Kd7 26. g4 Ke6 27. Kf2 d4 28. c4 bxc4 29. bxc4 g5 30. Kf3 gxf4 31. Bxf4 Nd6 32. Bxd6 Kxd6 33. Ke4 a5 34. h4 a4 35. g5 Ke6 36. h5 a3 37. Kf4 d3 38. Ke3 Kf5 39. g6 hxg6 40. hxg6 Kxg6 41. Kxd3 Kf5 42. Kd2 Ke4 43. Ke2 Kd4 44. Kd2 Kxc4 45. Kc2 Kd4 46. Kd2 Ke4 47. Ke2 Ke5 48. Ke3 Kf6 49. Kd3 Ke6 50. Kc4 Kd6 51. Kc3 Kd5 52. Kd3 Kc6 53. Kc4 Kb6 54. Kc3 Kc6 55. Kc4 Kd6 56. Kc3 Kd5 57. Kd3 Ke5 58. Ke3 1/2-1/2

[Event "Anogia op 4th"]
[Site "Anogia"]
[Date "2015.07.10"]
[Round "2"]
[White "Kostouros, Alexandros"]
[Black "Nabaty, Tamir"]
[Result "0-1"]
[WhiteElo "2111"]
[BlackElo "2604"]
[PlyCount "48"]
[EventDate "2015.07.09"]
[EventType "swiss"]
[EventRounds "9"]
[EventCountry "GRE"]
[SourceTitle "CBM 167 Extra"]
[Source "ChessBase"]
[SourceDate "2015.09.14"]
[SourceVersion "1"]
[SourceVersionDate "2015.09.14"]
[SourceQuality "1"]

1. e4 c6 2. c4 d5 3. cxd5 cxd5 4. exd5 Nf6 5. Bb5+ Nbd7 6. Nc3 a6 7. Qa4 Rb8 8. Bxd7+ Bxd7 9. Qb3 b5 10. d4 b4 11. Bf4 Rc8 12. Nce2 Bb5 13. d6 e6 14. Qxb4 Nd5 15. Qd2 Nxf4 16. Nxf4 Bxd6 17. Nge2 Qg5 18. h4 Qf5 19. Rc1 0-0 20. f3 e5 21. g4 Qf6 22. dxe5 Qxe5 23. Rxc8 Rxc8 24. Qd5 Rc1+ 0-1